תגי יחידות בצה"ל 1 - Statistics

General Stats
  • This quiz has been taken 6 times
  • The average score is 10 of 16
Answer Stats
Picture Answer % Correct
משטרה צבאית
75%
חטיבת גבעתי
75%
הפרקליטות הצבאית
75%
חיל החינוך והנוער
75%
פיקוד דרום
75%
פיקוד צפון
75%
זרוע הים
75%
חטיבה 7 עוצבת סער מגולן (שריון)
75%
זרוע היבשה
50%
מערך ההגנה האווירית
50%
מצ"ח
50%
חיל הרגלים
50%
מיטב
50%
חיל התותחנים
50%
בהד 1
50%
חטיבה 460 עוצבת בני אור (שריון)
25%
No matching quizzes found
Score Distribution
Percent of People with Each Score
Percentile by Number Answered
Your Score History
You have not taken this quiz